| 000 | 00769nam a2200217 a 4500 | ||
|---|---|---|---|
| 999 |
_c7118 _d7118 |
||
| 001 | 7118 | ||
| 003 | BD-JhCC | ||
| 005 | 20180207125741.0 | ||
| 008 | 171231s1366 bg |||| ||a| 000 0 ben d | ||
| 035 | _a(BD-JhCC)7118 | ||
| 040 |
_aBD-JhCC _dBD-JhCC |
||
| 041 | _aben | ||
| 082 |
_a071.471 _bBAN 1366 |
||
| 245 |
_aবাঙলা একাডেমী পত্রিকা : তৃতীয় বর্ষ তৃতীয় সংখ্যা / _cমোহাম্মদ ইদরিস আলী (সম্পদিত) |
||
| 260 |
_aঢাকা : _bবাঙলা একাডেমী, _c1366. |
||
| 300 |
_a130 p. : _c24 cm. |
||
| 650 | _aNews paper | ||
| 700 | _a আলী, মোহাম্মদ ইদরিস | ||
| 942 |
_2ddc _cBK |
||